000 01175nam a2200253Ia 4500
003 Ost
005 20260507075237.0
008 260507s9999||||xx |||||||||||||| ||und||
020 _a8145299579
040 _cfsecg
041 _aara
082 _a330
100 _aسالم، محمد علي
_eمؤلف
245 0 _aالادارة الاستراتيجية /
_c محمد علي سالم
260 _aعمان:
_bدار البداية,
_c2009
300 _a199 صفحة؛
_bإيضاحات ؛
_c24 سم
504 _aمراجع ص.197
520 _aماهية الادارة الاستراتيجية ، تحليل البيئة الاستراتيجية ،تحليل الموارد ، تحليل القيم و السلطة ، تحليل الاهداف و التوقعات ، تطوير البدائل الاستراتيجية ، التقييمالاستراتيجي و الاختيار ، تخطيط الموارد ، الهيكل التنظيمي ، الأفراد و النظم.
653 _aالادارة
653 _aالإدارة العامة
653 _aالإدارة المركزية
653 _aالتخطيط والتقييم
942 _cكتاب
999 _c43598
_d43598